<?xml version="1.0" encoding="UTF-8"?>
<collection xmlns="http://www.loc.gov/MARC21/slim">
<record>
  <controlfield tag="001">6835</controlfield>
  <controlfield tag="005">20240217112909.0</controlfield>
  <datafield tag="024" ind1="7" ind2=" ">
    <subfield code="a">10.1051/0004-6361/201935714</subfield>
    <subfield code="2">DOI</subfield>
  </datafield>
  <datafield tag="037" ind1=" " ind2=" ">
    <subfield code="a">SCART-2024-0091</subfield>
  </datafield>
  <datafield tag="100" ind1=" " ind2=" ">
    <subfield code="a">Hakim, Kaustubh</subfield>
  </datafield>
  <datafield tag="245" ind1=" " ind2=" ">
    <subfield code="a">Thermal evolution of rocky exoplanets with a graphite outer shell</subfield>
  </datafield>
  <datafield tag="260" ind1=" " ind2=" ">
    <subfield code="c">2019</subfield>
  </datafield>
  <datafield tag="520" ind1=" " ind2=" ">
    <subfield code="a">Context. The presence of rocky exoplanets with a large refractory carbon inventory is predicted by chemical evolution models of protoplanetary disks of stars with photospheric C/O > 0.65, and by models studying the radial transport of refractory carbon. High-pressure high-temperature laboratory experiments show that most of the carbon in these exoplanets differentiates into a graphite outer shell. Aims. Our aim is to evaluate the effects of a graphite outer shell on the thermal evolution of rocky exoplanets containing a metallic core and a silicate mantle. Methods. We implemented a parameterized model of mantle convection to determine the thermal evolution of rocky exoplanets with graphite layer thicknesses up to 1000 km. Results. We find that because of the high thermal conductivity of graphite, conduction is the dominant heat transport mechanism in a graphite layer for long-term evolution (>200 Myr). The conductive graphite shell essentially behaves like a stagnant lid with a fixed thickness. Models of Kepler-37b (Mercury-size) and a Mars-sized exoplanet show that a planet with a graphite lid cools faster than a planet with a silicate lid, and a planet without a stagnant lid cools the fastest. A graphite lid needs to be approximately ten times thicker than a corresponding silicate lid to produce similar thermal evolution.</subfield>
  </datafield>
  <datafield tag="594" ind1=" " ind2=" ">
    <subfield code="a">NO</subfield>
  </datafield>
  <datafield tag="700" ind1=" " ind2=" ">
    <subfield code="a">van den Berg, Arie</subfield>
  </datafield>
  <datafield tag="700" ind1=" " ind2=" ">
    <subfield code="a">Vazan, Allona</subfield>
  </datafield>
  <datafield tag="700" ind1=" " ind2=" ">
    <subfield code="a">Höning, Dennis</subfield>
  </datafield>
  <datafield tag="700" ind1=" " ind2=" ">
    <subfield code="a">van Westrenen, Wim</subfield>
  </datafield>
  <datafield tag="700" ind1=" " ind2=" ">
    <subfield code="a">Dominik, Carsten</subfield>
  </datafield>
  <datafield tag="773" ind1=" " ind2=" ">
    <subfield code="p">Astronomy &amp; Astrophysics</subfield>
    <subfield code="v">630</subfield>
    <subfield code="y">2019</subfield>
    <subfield code="c">A152</subfield>
  </datafield>
  <datafield tag="856" ind1="0" ind2=" ">
    <subfield code="f">kaustubh.hakim@ksb-orb.be</subfield>
  </datafield>
  <datafield tag="856" ind1="4" ind2="2">
    <subfield code="a">https://doi.org/10.1051/0004-6361/201935714</subfield>
  </datafield>
  <datafield tag="856" ind1="4" ind2=" ">
    <subfield code="s">1000743</subfield>
    <subfield code="u">http://publi2-as.oma.be/record/6835/files/Hakim2019EvolutionGraphiteExoplanets.pdf</subfield>
  </datafield>
  <datafield tag="856" ind1="4" ind2=" ">
    <subfield code="s">3215</subfield>
    <subfield code="u">http://publi2-as.oma.be/record/6835/files/Hakim2019EvolutionGraphiteExoplanets.gif?subformat=icon</subfield>
    <subfield code="x">icon</subfield>
  </datafield>
  <datafield tag="856" ind1="4" ind2=" ">
    <subfield code="s">7497</subfield>
    <subfield code="u">http://publi2-as.oma.be/record/6835/files/Hakim2019EvolutionGraphiteExoplanets.jpg?subformat=icon-180</subfield>
    <subfield code="x">icon-180</subfield>
  </datafield>
  <datafield tag="905" ind1=" " ind2=" ">
    <subfield code="a">published in</subfield>
  </datafield>
  <datafield tag="980" ind1=" " ind2=" ">
    <subfield code="a">REFERD</subfield>
  </datafield>
</record>
</collection>